[Event "EU-ch U18"]
[Site "Albena"]
[Date "2011.09.18"]
[Round "7"]
[White "Gera, Yuval"]
[Black "Ochsner, Bjorn Moller"]
[Result "0-1"]
[WhiteElo "2033"]
[BlackElo "2252"]
[PlyCount "50"]
[EventDate "2011.09.11"]
[EventType "swiss"]
[EventRounds "9"]
[EventCountry "BUL"]
[SourceTitle "CBM 144 Extra"]
[Source "ChessBase"]
[SourceDate "2011.10.28"]
[SourceVersion "1"]
[SourceVersionDate "2011.10.28"]
[SourceQuality "1"]

1. e4 c5 2. Nf3 e6 3. d4 cxd4 4. Nxd4 Nc6 5. Nc3 Qc7 6. Be2 a6 7. 0-0 Nf6 8. Be3 Bb4 9. Nxc6 bxc6 10. Bf3 e5 11. Ne2 0-0 12. c4 Be7 13. Qc2 d6 14. h3 Be6 15. Rfd1 Rab8 16. b3 Nd7 17. Nc3 g6 18. Na4 Nf6 19. Rd2 Rfd8 20. Rad1 Kg7 21. Qc1 Rb4 22. Qc3 Rdb8 23. c5 d5 24. exd5 cxd5 25. Nb6 R4xb6 0-1